Fish - fishing technology

Saved in:
Bibliographic Details
Main Author: YADAV, Manju
Format: Book
Language:English
Published: Discovery Publishers , 2013
Tags: Add Tag
No Tags, Be the first to tag this record!

MARC

LEADER 00000nam a22000007a 4500
008 201215b ||||| |||| 00| 0 eng d
020 |a ISBN: 978-93-5056-268-0 
100 |a YADAV, Manju 
245 |a Fish - fishing technology  |c Manju Yadav  |g 282p.; ill 
260 |b Discovery Publishers  |c , 2013  |h  New Delhi  |i 680158   |l SH213.4 .Ya1  |m  Fishery technology  |m Sustainable fisheries  |m Fishery management 
942 |a lcc  |c BK  |e Olagoke,M.A  |f 15/12/2020 
952 |0 0  |1 0  |2 lcc  |4 0  |6 SH02134 Y A1  |7 0  |9 526  |a HOL  |b HOL  |c QZ  |d 2020-12-15  |l 0  |o SH213.4 .Ya1  |p 2020-2251  |r 2020-12-15 00:00:00  |w 2020-12-15  |y BK 
999 |c 283  |d 283